000
00270nam a22001217a 4500
008
170222b xxu||||| |||| 00| 0 eng d
041
_a
eng
080
_a
616.31
100
_a
5
101
_a
SHS
245
_a
DENTAL ANETHESIA AND ANALGESIA
_c
G.D.ALLEN
942
_2
udc
_c
BK
999
_c
6011
_d
6011